| 000 | 00977nam a22002897a 4500 | ||
|---|---|---|---|
| 003 | CHAP | ||
| 005 | 20220329134847.0 | ||
| 008 | 971013s1995 r 00010 d | ||
| 010 | _a27049 | ||
| 011 | _a28021 | ||
| 035 | _a32122 | ||
| 040 | _cCHAP | ||
| 082 |
_a972.7214 _bR6 |
||
| 100 | 0 | 0 |
_aRodríguez, Martha. _999005 |
| 245 |
_aHistorias de resistencia y exterminio _b: los indios de Coahuila durante el siglo XIX |
||
| 260 |
_aMéxico, D.F. : _bCentro de Investigaciones y Estudios Superiores en Antropología Social, _c1995 |
||
| 300 |
_a212 p. _b: ilus. |
||
| 590 |
_aBATCH-UPD _b10 _c20130110 _lUCH01 _h1727 |
||
| 590 |
_aBATCH-UPD _b10 _c20130410 _lUCH01 _h1109 |
||
| 590 |
_aBATCH-UPD _b10 _c20130914 _lUCH01 _h1631 |
||
| 590 |
_aCONVERSION _b10 _c20130109 _lUCH01 _h1316 |
||
| 650 | 1 | 4 |
_aCoahuila _xHistoria. _923984 |
| 650 | 1 | 4 |
_aIndios de Coahuila. _957605 |
| 901 | _aBK | ||
| 942 | _cLIBRO | ||
| 949 |
_a972.7214 R6 _bBC _cLIBRO _d33724000688024 _eLIBRO _h92336 _i32122 _sb |
||
| 999 |
_c27049 _d27049 |
||